|
|
|
|
| LEADER |
00000nab a2200000 a 4500 |
| 001 |
vtls000561035 |
| 003 |
SK-MaSNL |
| 005 |
20260305014815.0 |
| 008 |
150501c xo 0 slo |
| 015 |
|
|
|a SNBRB19rr/mm-uuuuu
|
| 035 |
|
|
|a CL0561173
|
| 040 |
|
|
|a SNKBUCL
|b slo
|c SNKBUCL
|e AACR2
|
| 041 |
0 |
|
|a slo
|
| 044 |
|
|
|a xo
|c SK
|
| 080 |
|
|
|a 061.25(437.612)
|2 1981
|
| 100 |
1 |
|
|a Polakovič, Albín
|4 aut
|9 1593249
|
| 245 |
1 |
0 |
|a MO MS Rača
|c Albín Polakovič, Martina Kováčová
|
| 300 |
|
|
|b Fotogr. 1
|
| 610 |
2 |
7 |
|a Matica slovenská.
|b Miestny odbor Bratislava-Rača
|2 snkbucl
|9 232918
|
| 651 |
|
7 |
|a 5100
|2 snkbucl
|9 166206
|
| 655 |
|
7 |
|a články z novín a časopisov
|2 snkbucl
|9 267496
|
| 700 |
1 |
|
|a Kováčová, Martina
|4 aut
|9 267936
|
| 773 |
0 |
|
|t Slovenské národné noviny
|g Roč. 6 (10), č. 28 (1995), s. 11
|x 0862-8823
|
| 850 |
|
|
|a Slovenská národná knižnica v Martine
|a MTA001
|
| 852 |
|
|
|a SNK
|b KIS3GCP
|
| 958 |
|
|
|a RK
|
| 958 |
|
|
|a SK
|
| 992 |
|
|
|a RBX
|
| 999 |
|
|
|c 3271491
|d 3273421
|